Fondements de Science Politique

Kaydedildi:
Detaylı Bibliyografya
Asıl Yazarlar: Balzacq, Thierry (Yazar), Baudewyns, Pierre (Yazar), Jamin, Jerome (Yazar), Legrand, Vincent (Yazar), Paye, Olivier (Yazar), Schiffino, Nathalie (Yazar)
Materyal Türü: Kitap
Dil:Fransızca
Baskı/Yayın Bilgisi: Lovaina De Boeck Superieur 2014
Edisyon:1a. ed
Konular:
Etiketler: Etiketle
Etiket eklenmemiş, İlk siz ekleyin!

MARC

LEADER 00000cam a2200000 a 4500
001 UCC8567
003 CL-VaPUC
008 190719e20140000be |||||||||||||||||fre|d
020 |a 9782804170721 
082 0 4 |a 320  |b BAL  |2 21 
100 0 |a Balzacq, Thierry  |e author  |9 603225 
700 0 |a Baudewyns, Pierre  |e author  |9 603226 
700 0 |a Jamin, Jerome  |e author  |9 603227 
700 0 |a Legrand, Vincent  |e author  |9 603228 
700 0 |a Paye, Olivier  |e author  |9 603229 
700 0 |a Schiffino, Nathalie  |e author  |9 603230 
245 1 0 |a Fondements de Science Politique 
250 |a 1a. ed 
300 |a 440 p 
942 |c BK 
945 |d 20190719 13:28:00  |a dcastane 
260 |a Lovaina  |b De Boeck Superieur  |c 2014 
650 0 |a Ciencias Políticas  |9 255201 
650 7 |a TEORIA POLITICA  |2 CL-VaPUC  |9 603231 
650 0 |a Poder político  |9 255509 
583 |a last modification  |c 20190719 13:28:00  |k Rodrigo Vera 
999 |c 374842  |d 374840 
952 |0 0  |1 0  |3 erb  |4 0  |6 320_000000000000000_BAL_2014  |7 0  |8 A  |9 493581  |a BIBDER  |b BIBDER  |i 559362K  |o 320 BAL 2014  |p 559362K  |r 2023-01-25  |w 2019-11-24  |y BK  |z Catalogado en:20190719  |k DER